Mobilita pracovnej sily a eurozóna
Migrácia pracovnej sily – teoretické východiská a historický náčrt. Migrácia v európskom priestore a USA. Migrácia pracovnej sily v predkrízovom a pokrízovom období v Európskej únii. Miera nezamestnanosti v krajinách eurozóny. Čistá migrácia v krajinách strednej a východnej Európy.
Gespeichert in:
| 1. Verfasser: | |
|---|---|
| Format: | Buchkapitel |
| Sprache: | Slowakisch |
| Schlagworte: | |
| Tags: |
Keine Tags, Fügen Sie das erste Tag hinzu!
|
MARC
| LEADER | 00000nla a2200000 4500 | ||
|---|---|---|---|
| 001 | 0195827 | ||
| 005 | 20240502073307.7 | ||
| 041 | 0 | |a slo | |
| 044 | |a SK | ||
| 245 | 1 | 0 | |a Mobilita pracovnej sily a eurozóna |c Eva Muchová |
| 520 | |a Migrácia pracovnej sily – teoretické východiská a historický náčrt. Migrácia v európskom priestore a USA. Migrácia pracovnej sily v predkrízovom a pokrízovom období v Európskej únii. Miera nezamestnanosti v krajinách eurozóny. Čistá migrácia v krajinách strednej a východnej Európy. | ||
| 610 | 2 | 0 | |a migrácia |
| 610 | 2 | 0 | |a pohyb síl pracovných medzinárodný |
| 610 | 2 | 0 | |a zamestnanosť |
| 610 | 2 | 0 | |a nezamestnanosť |
| 610 | 2 | 0 | |a kríza hospodárska |
| 610 | 2 | 0 | |a Európska únia |
| 610 | 2 | 0 | |a eurozóna |
| 610 | 2 | 0 | |a USA |
| 100 | 1 | |a Muchová, Eva, 1961- | |